| 000 | 01163nam0a22002651 4500 | ||
|---|---|---|---|
| 001 | rc\195084 | ||
| 005 | 20250620225733.0 | ||
| 010 |
_a5-7033-0066-5 _96000 |
||
| 035 | _a(NLR Aleph) 005450037 | ||
| 090 |
_a4847603 _c4847603 |
||
| 100 | _a20030307d1992 |||y0rusy50 ca | ||
| 101 | 0 | _arus | |
| 102 | _aRU | ||
| 105 | _ay ||||||||| | ||
| 200 | 1 |
_aБерезовое зеркало _eСтихи _fКонстантин Рябенький |
|
| 210 |
_aТверь _cНИИ "Центрпрограммсистем" _d1992 |
||
| 215 |
_a94, [2] с. _d21 |
||
| 300 | _aИзд. на средства Вышневолоц. трикотаж. ф-ки "Париж. коммуна" и Вышневолоц. стекол. з-да им. 9-го Января | ||
| 320 | _aСодерж.: Циклы: Неизбывное Обрадово; Тревожная память; Затяжное ненастье; Связующая нить; Соловьиный омут | ||
| 700 | 1 |
_aРябенький _bК.В. _f1945- _gКонстантин Валентинович |
|
| 801 | 0 |
_aRU _bNLR _gpsbo |
|
| 801 | 1 |
_aRU _bELAR _2rusmarc |
|
| 852 |
_aNLR _j92-4/1347 |
||
| 942 | _cBOOK | ||
| 980 | _aNB | ||